000 00583cab a2200205 4500
001 X3713
008 090401t1996 xxu||||| |||| 00| 0 eng d
035 _a(Sirsi) u32312
041 _aeng
100 _aLawson, D.
245 _aLogically speaking
260 _c1996
350 _a0
490 _aProperty Week
_v56(3) 19 July 1996, 28-30(3)
520 _aReviews voice recognition software and its use by surveying practices.
650 _aVOICE RECOGNITION SOFTWARE
690 _aMANAGEMENT-BUSINESS MANAGEMENT-INFORMATION MANAGEMENT
942 _n0
948 _c04/03/1997
999 _c21677
_d21677